000 00888nas a2200289 4500
001 BR0306165
003 BR-BrBNA
005 20231205104226.0
007 ta
008 230509b bl.|||p| |||| 00| 00por d
040 _aBR-BrBNA
_bpor
_cBiblioteca Nacional de Agricultura
041 _a(Pt)
072 _aL72
100 1 _aCarneiro, M.E.
100 1 _aDaemon, E.
245 1 _aInfluência da temperatura sobre os tipos celulares presentes na hemolinfa de larvas e ninfas de Rhipicephalus sanguineus
650 _aCOELHO
650 _aCARRAPATO
650 _aLINFA
650 _aLARVA
650 _aNINFA
650 _aTEMPERATURA
650 _aCÉLULA ANIMAL
773 0 _tArquivo Brasileiro de Medicina Veterinária e Zootecnia (Brazil)
_xISSN 0102-0935
_g(Oct 2003), v. 55(5) p. 574-579
_wBR0306165
909 _a202311
_bLúcia
_c55
_dLúcia Elande
942 _2AGRIS
_n0
_cANA
999 _c177029
_d177029